| 000 | 00407nam a2200169Ia 4500 | ||
|---|---|---|---|
| 005 | 20240823010557.0 | ||
| 008 | 240823s9999||||xx |||||||||||||| ||und|| | ||
| 082 | _A338.7 N8 | ||
| 100 | _aRaj K Wadhwa [et al] | ||
| 245 | 0 | _aBusiness Environment | |
| 250 | _a1st | ||
| 260 |
_c1998 _b"kanishka,New Delhi" |
||
| 500 | _aYES | ||
| 650 |
_aManagement _bManagement Studies |
||
| 942 | _cBK | ||
| 999 |
_c159030 _d159030 |
||